000 00451nam a2200157 i 4500
001 59006
003 ES-MaACL
005 20230906163936.0
007 t|
008 031027s1949 sp ||||1| spa d
100 1 _aEchanove y Guzmán, Jaime de.
_946494
245 1 0 _aVersos imperfectos /
_cJaime Echanove y Guzmán.
260 _aMadrid :
_b[s.n.],
_c1949 (
_fE. Giménez Imp.)
300 _a64 p. ;
_c17 cm.
852 _aES-MaACL
_j1787-F-17
_bR.26679
999 _c59006
_d59006